LEADER 00714nam0 2200253 450 001 9910986892903321 005 20250327121243.0 100 $a20250327d1971----km y0itay50 ba 105 $aa a 001yy 200 1 $aSemiconductor surfaces$fby A. Many, Y. Goldstein$gand N. B. Grover 210 $aAmsterdam$cNorth-Holland$d1971 215 $axvi, 496 p.$cill.$d24 cm 610 0 $aSemiconduttori 676 $v22 700 1$aMany,$bA.$0331286 701 $aGoldstein, $Y.$0690721 702 1$aGrover,$bN. B. 801 0$aIT$bUNINA$gRICA$2UNIMARC 901 $aBK 912 $a9910986892903321 952 $a30-001.001$b25599$fFI1 959 $aFI1 996 $aSemiconductor surfaces$94336584 997 $aUNINA LEADER 02235nam0 22003731i 450 001 UON00223786 005 20231205103427.58 100 $a20030730d1979 |0itac50 ba 101 $aita 102 $aIT 105 $a|||| 1|||| 200 1 $aLinguaggi e formalizzazioni$eatti del Convegno Internazionale di Studi, Catania, 17-19 settembre 1976$fSLI, Società di Linguistica Italiana$ga cura di Daniele Gambarara, Franco Lo Piparo e Giulianella Ruggiero 210 $aRoma$cBulzoni$d1979 215 $a2 v.$d21 cm. 410 1$1001UON00067620$12001 $aPubblicazioni della Societa' di linguistica italiana$v15 606 $aCongressi e convegni$xCatania$x1976$3UONC081261$2FI 606 $aLinguaggio$xTeorie$xCongressi$xCatania$x1976$3UONC081260$2FI 620 $aIT$dRoma$3UONL000004 676 $a401$cLinguaggio. Filosofia e teoria$v21 702 1$aGAMBARARA$bDaniele$3UONV054366 702 1$aLO PIPARO$bFranco$3UONV103388 702 1$aRuggiero$bGiulianella$3UONV135682 710 02$aSocietà di Linguistica Italiana$3UONV053520$0330439 712 $aBulzoni$3UONV265597$4650 801 $aIT$bSOL$c20250704$gRICA 912 $aUON00223786 950 $aSIBA - SISTEMA BIBLIOTECARIO DI ATENEO$dSI ITA Ling 0130 a $eSI LO 14984 5 0130 a 950 $aSIBA - SISTEMA BIBLIOTECARIO DI ATENEO$dSI ITA Ling 0130 b $eSI LO 14985 5 0130 b 950 $aSIBA - SISTEMA BIBLIOTECARIO DI ATENEO$dSI Collane S.L.I 15 a $eSI LO 13210 7 15 a 950 $aSIBA - SISTEMA BIBLIOTECARIO DI ATENEO$dSI Collane S.L.I 15 b $eSI LO 13211 7 15 b 950 $aSIBA - SISTEMA BIBLIOTECARIO DI ATENEO$dSI Port Ling II 0477 a $eSI LO 10261 5 0477 a 950 $aSIBA - SISTEMA BIBLIOTECARIO DI ATENEO$dSI Port Ling II 0477 b $eSI LO 10262 5 0477 b 996 $aLinguaggi e formalizzazioni$9151416 997 $aUNIOR